WHL Teams - Statistics

General Stats
  • This quiz has been taken 1,513 times
  • The average score is 14 of 22
Answer Stats
Division Team % Correct
East Brandon Wheat Kings
76%
Central Edmonton Oil Kings
76%
BC Vancouver Giants
75%
Central Calgary Hitmen
74%
East Regina Pats
70%
East Saskatoon Blades
69%
BC Kelowna Rockets
67%
US Portland Winterhawks
67%
US Tri-City Americans
66%
BC Kamloops Blazers
63%
US Seattle Thunderbirds
62%
Central Medicine Hat Tigers
60%
US Wenatchee Wild
60%
Central Red Deer Rebels
59%
US Spokane Chiefs
59%
BC Prince George Cougars
57%
East Prince Albert Raiders
56%
BC Victoria Royals
55%
US Everett Silvertips
54%
Central Lethbridge Hurricanes
54%
East Moose Jaw Warriors
53%
East Swift Current Broncos
52%
No matching quizzes found
Score Distribution
Percent of People with Each Score
Percentile by Number Answered
Your Score History
You have not taken this quiz